000 00778nam a2200265Ia 4500
003 OSt
005 20221006153736.0
006 a|||||r|||| 00| 0
007 ta
008 221006b |||||||| |||| 00| 0 chi d
020 _a9789574440573
024 _a33,204
037 _bGift, PRC
_cAnnuals, Advances
040 _aEASL
_cEASL
_bchi
041 _2chi
_achi
082 _aO4295,4NYA, 41P3
100 _aYAN Kun yang Au.
_9665218
245 0 _aXin shiji San Wen Jia(10)
_b Yan Kun Yang Jing Cai Ji
260 _aTaibei
_bJiu Ge Chubanshe You Xian Gongsi Taiwan
_c2003
300 _a318p.
_ccm.
490 _v CL
650 _aCL
_9642733
942 _hO4295,4NYA, 41P3
_cREF
_2CC
999 _c1101290
_d1101290